Представление документа в формате MARC21

Поле Инд. ПП Название Значение
Тип записи a
Библиографический уровень m
001 Контрольный номер 98d0f6ae-1e1d-466a-8d52-f0f36d0aa3fb
005 Дата корректировки 20140703122055.3
008 Кодируемые данные 030624
020 c Цена, тираж б/ц
040 a Служба первич. каталог. НБ ТвГУ
041 a Код языка текста rus
080 a Индекс УДК 1(430)"17/18"(092)(043.3)
a Индекс УДК 929Шеллинг
084 a Индекс другой классификации/Индекс ББК Ю3(4ГЕМ)5-563я031
090 a Полочн. индекс Ю3(4ГЕМ)
x Авторский знак Ж91
100 1_ a Автор Журавская Анастасия Александровна
245 10 a Заглавие Становление идеи культуры в философии Ф. В. Й. Шеллинга
b Продолж. заглавия Дис. ... канд. филос. наук : 09.00.03
c Ответственность Твер. гос. с.-х. акад.
260 0_ a Место издания Тверь
b Издательство Тверская гос. сельскохозяйственная акад.
c Дата издания 2003
300 a Объем 145 с.
500 a Примечание На правах рукоп.
502 a Примечание о диссертации Дис.(канд.) - Твер. гос. с.-х. акад., 2003
504 a Библиография Библиогр.: с.131-145.
583 a Действие Получение впервые
650 a Основная рубрика Шеллинг, Фридрих Вильгельм Йозеф фон, о нем
650 a Основная рубрика Философия
x Основная подрубрика История
y Хронологическая подрубрика 18-19 вв.
z Географическая подрубрика Германия
650 a Основная рубрика Немецкая философия
650 a Основная рубрика Идеализм в философии
653 a Ключевые слова Диссертации
a Ключевые слова Идеализм
a Ключевые слова История философии
a Ключевые слова Немецкая философия
a Ключевые слова Немецкий идеализм
a Ключевые слова Философия
a Ключевые слова Шеллинг
852 t Порядковый номер экземпляра 1
p Инвентарный номер б/н
888 a Бесплатные
930 a Новая/Ретро диссертации
a Новая/Ретро персоналии
952 p 142.2003 б/ц 1 б/н
c Вид литературы Дис н
954 a Дата поступления на обработку 20030814
999 a Подразделение 2 ч.з.